000 00312nam a22001337a 4500
008 170921b xxu||||| |||| 00| 0 eng d
020 _a9781592006977
041 _aeng
080 _a78
100 _a45
101 _aMUZ
245 _aPRODUCING MUSIC WITH SAMPLES, LOOPS, AND MIDI
_cGIBSON,B
942 _2udc
_cBK
999 _c28809
_d28809